<?xml version="1.0" encoding="UTF-8"?><marc:collection xmlns:marc="http://www.loc.gov/MARC21/slim">
  <marc:record>
    <marc:leader>00000nam##2200000za#4500</marc:leader>
    <marc:controlfield tag="001">9.639533</marc:controlfield>
    <marc:controlfield tag="003">CaOODSP</marc:controlfield>
    <marc:controlfield tag="005">20210624222221</marc:controlfield>
    <marc:controlfield tag="007">cr |||||||||||</marc:controlfield>
    <marc:controlfield tag="008">150407|1998||||xxc|||||o    f|0| 0 fre|d</marc:controlfield>
    <marc:datafield tag="040" ind1=" " ind2=" ">
      <marc:subfield code="a">CaOODSP</marc:subfield>
      <marc:subfield code="b">fre</marc:subfield>
    </marc:datafield>
    <marc:datafield tag="043" ind1=" " ind2=" ">
      <marc:subfield code="a">n-cn---</marc:subfield>
    </marc:datafield>
    <marc:datafield tag="086" ind1="1" ind2=" ">
      <marc:subfield code="a">H46-2/98-211-2F-PDF</marc:subfield>
    </marc:datafield>
    <marc:datafield tag="110" ind1="1" ind2=" ">
      <marc:subfield code="a">Canada.</marc:subfield>
      <marc:subfield code="b">Santé Canada. </marc:subfield>
      <marc:subfield code="b">Direction de l'hygiène du milieu.</marc:subfield>
    </marc:datafield>
    <marc:datafield tag="245" ind1="1" ind2="0">
      <marc:subfield code="a">Manuel sur la santé et l'environnement à l'intention des professionnels de la santé : </marc:subfield>
      <marc:subfield code="h">[ressource électronique]</marc:subfield>
      <marc:subfield code="b">santé et l'environnement / </marc:subfield>
      <marc:subfield code="c">[préparé par Les Grands Lacs: Impact sur la santé, Santé Canada, et Direction de la santé publique, ministère de la Santé de l'Ontario]. </marc:subfield>
    </marc:datafield>
    <marc:datafield tag="246" ind1="1" ind2=" ">
      <marc:subfield code="i">Titre de renvoi : </marc:subfield>
      <marc:subfield code="a">Santé et l'environnement</marc:subfield>
    </marc:datafield>
    <marc:datafield tag="260" ind1=" " ind2=" ">
      <marc:subfield code="a">Ottawa - Ontario : </marc:subfield>
      <marc:subfield code="b">Santé Canada. </marc:subfield>
      <marc:subfield code="c">Octobre 1997, c1998.</marc:subfield>
    </marc:datafield>
    <marc:datafield tag="300" ind1=" " ind2=" ">
      <marc:subfield code="a">14, 6, 16, 45, 8, 9, 19, 13, 22, 8, 15, 8, 5, 12, 148p.</marc:subfield>
      <marc:subfield code="b">figures, glossaire, graphiques, références, tableaux, photographies, index</marc:subfield>
    </marc:datafield>
    <marc:datafield tag="500" ind1=" " ind2=" ">
      <marc:subfield code="a">Sommaire: Préface (H46-2-98-211F-4.pdf) -- Aperçu : effets des contaminants du milieu sur la santé humaine (H46-2-98-211F-5.pdf) -- Risque (H46-2-98-211F-6.pdf) -- Contaminants (H46-2-98-211F-7.pdf) -- Exposition (H46-2-98-211F-8.pdf) -- Dose et réponse pour les produits chimiques (H46-2-98-211F-9.pdf) -- Qualité de l'eau (H46-2-98-211F-10.pdf) -- Qualité de l'air ambiant et santé humaine (H46-2-98-211F-11.pdf) -- Qualité des aliments (H46-2-98-211F-12.pdf) -- Qualité du sol (H46-2-98-211F-13.pdf) -- Milieu de vie (H46-2-98-211F-14.pdf) -- Glossaire (H46-2-98-211F-15.pdf) -- Index (H46-2-98-211F-16.pdf) -- Références bibliographiques (H46-2-98-211F-17.pdf) -- Profils des contaminants (H46-2-98-211F-18.pdf). Pour le Guide de ressources, veuillez consulter H46-2/98-211-1F-PDF. Le nº de catalogue ([H]46-3/98-211-2F) et l'ISBN (0-662-82817-8) de l'édition imprimée spirale ont été incorrectement copiés dans cette édition électronique.</marc:subfield>
    </marc:datafield>
    <marc:datafield tag="504" ind1=" " ind2=" ">
      <marc:subfield code="a">Bibliographie.</marc:subfield>
    </marc:datafield>
    <marc:datafield tag="520" ind1="3" ind2=" ">
      <marc:subfield code="a">Le présent manuel a été préparé principalement pour servir d'ouvrage de référence aux professionnels de la santé qui travaillent dans les collectivités de l'Ontario. Les exemples de recherches dans le domaine de la santé sont fréquemment tirés d'études sur les effets sur la santé des contaminants présents dans le bassin des Grands Lacs. Cependant, les concepts sont de nature générale et peuvent s'appliquer à toute collectivité qui se préoccupe de l'exposition humaine à la pollution.</marc:subfield>
    </marc:datafield>
    <marc:datafield tag="590" ind1=" " ind2=" ">
      <marc:subfield code="a">12-16-Supp</marc:subfield>
      <marc:subfield code="b">2012-04-17</marc:subfield>
    </marc:datafield>
    <marc:datafield tag="691" ind1="0" ind2="7">
      <marc:subfield code="a">Santé au travail</marc:subfield>
      <marc:subfield code="2">gcpds</marc:subfield>
    </marc:datafield>
    <marc:datafield tag="710" ind1="2" ind2=" ">
      <marc:subfield code="a">Ministère de la Santé de l'Ontario. Direction de la santé publique.</marc:subfield>
    </marc:datafield>
    <marc:datafield tag="775" ind1="0" ind2="8">
      <marc:subfield code="t">The health and environment handbook for health professionals : </marc:subfield>
      <marc:subfield code="w">(CaOODSP)9.695394</marc:subfield>
    </marc:datafield>
    <marc:datafield tag="776" ind1="0" ind2="#">
      <marc:subfield code="t">Manuel sur la santé et l'environnement à l'intention des professionnels de la santé : </marc:subfield>
      <marc:subfield code="w">(CaOODSP)9.680399</marc:subfield>
    </marc:datafield>
    <marc:datafield tag="856" ind1="4" ind2="0">
      <marc:subfield code="a">http://publications.gc.ca</marc:subfield>
      <marc:subfield code="q">PDF</marc:subfield>
      <marc:subfield code="s">188 Ko</marc:subfield>
      <marc:subfield code="u">https://publications.gc.ca/collections/Collection/H46-2-98-211F-4.pdf</marc:subfield>
    </marc:datafield>
    <marc:datafield tag="856" ind1="4" ind2="0">
      <marc:subfield code="a">http://publications.gc.ca</marc:subfield>
      <marc:subfield code="q">PDF</marc:subfield>
      <marc:subfield code="s">658 Ko</marc:subfield>
      <marc:subfield code="u">https://publications.gc.ca/collections/Collection/H46-2-98-211F-18.pdf</marc:subfield>
    </marc:datafield>
    <marc:datafield tag="856" ind1="4" ind2="0">
      <marc:subfield code="a">http://publications.gc.ca</marc:subfield>
      <marc:subfield code="q">PDF</marc:subfield>
      <marc:subfield code="s">103 Ko</marc:subfield>
      <marc:subfield code="u">https://publications.gc.ca/collections/Collection/H46-2-98-211F-8.pdf</marc:subfield>
    </marc:datafield>
    <marc:datafield tag="856" ind1="4" ind2="0">
      <marc:subfield code="a">http://publications.gc.ca</marc:subfield>
      <marc:subfield code="q">PDF</marc:subfield>
      <marc:subfield code="s">101 Ko</marc:subfield>
      <marc:subfield code="u">https://publications.gc.ca/collections/Collection/H46-2-98-211F-9.pdf</marc:subfield>
    </marc:datafield>
    <marc:datafield tag="856" ind1="4" ind2="0">
      <marc:subfield code="a">http://publications.gc.ca</marc:subfield>
      <marc:subfield code="q">PDF</marc:subfield>
      <marc:subfield code="s">200 Ko</marc:subfield>
      <marc:subfield code="u">https://publications.gc.ca/collections/Collection/H46-2-98-211F-12.pdf</marc:subfield>
    </marc:datafield>
    <marc:datafield tag="856" ind1="4" ind2="0">
      <marc:subfield code="a">http://publications.gc.ca</marc:subfield>
      <marc:subfield code="q">PDF</marc:subfield>
      <marc:subfield code="s">217 Ko</marc:subfield>
      <marc:subfield code="u">https://publications.gc.ca/collections/Collection/H46-2-98-211F-14.pdf</marc:subfield>
    </marc:datafield>
    <marc:datafield tag="856" ind1="4" ind2="0">
      <marc:subfield code="a">http://publications.gc.ca</marc:subfield>
      <marc:subfield code="q">PDF</marc:subfield>
      <marc:subfield code="s">138 Ko</marc:subfield>
      <marc:subfield code="u">https://publications.gc.ca/collections/Collection/H46-2-98-211F-6.pdf</marc:subfield>
    </marc:datafield>
    <marc:datafield tag="856" ind1="4" ind2="0">
      <marc:subfield code="a">http://publications.gc.ca</marc:subfield>
      <marc:subfield code="q">PDF</marc:subfield>
      <marc:subfield code="s">137 Ko</marc:subfield>
      <marc:subfield code="u">https://publications.gc.ca/collections/Collection/H46-2-98-211F-11.pdf</marc:subfield>
    </marc:datafield>
    <marc:datafield tag="856" ind1="4" ind2="0">
      <marc:subfield code="a">http://publications.gc.ca</marc:subfield>
      <marc:subfield code="q">PDF</marc:subfield>
      <marc:subfield code="s">317 Ko</marc:subfield>
      <marc:subfield code="u">https://publications.gc.ca/collections/Collection/H46-2-98-211F-7.pdf</marc:subfield>
    </marc:datafield>
    <marc:datafield tag="856" ind1="4" ind2="0">
      <marc:subfield code="a">http://publications.gc.ca</marc:subfield>
      <marc:subfield code="q">PDF</marc:subfield>
      <marc:subfield code="s">116 Ko</marc:subfield>
      <marc:subfield code="u">https://publications.gc.ca/collections/Collection/H46-2-98-211F-13.pdf</marc:subfield>
    </marc:datafield>
    <marc:datafield tag="856" ind1="4" ind2="0">
      <marc:subfield code="a">http://publications.gc.ca</marc:subfield>
      <marc:subfield code="q">PDF</marc:subfield>
      <marc:subfield code="s">207 Ko</marc:subfield>
      <marc:subfield code="u">https://publications.gc.ca/collections/Collection/H46-2-98-211F-10.pdf</marc:subfield>
    </marc:datafield>
    <marc:datafield tag="856" ind1="4" ind2="0">
      <marc:subfield code="a">http://publications.gc.ca</marc:subfield>
      <marc:subfield code="q">PDF</marc:subfield>
      <marc:subfield code="s">73 Ko</marc:subfield>
      <marc:subfield code="u">https://publications.gc.ca/collections/Collection/H46-2-98-211F-5.pdf</marc:subfield>
    </marc:datafield>
    <marc:datafield tag="856" ind1="4" ind2="0">
      <marc:subfield code="a">http://publications.gc.ca</marc:subfield>
      <marc:subfield code="q">PDF</marc:subfield>
      <marc:subfield code="s">117 Ko</marc:subfield>
      <marc:subfield code="u">https://publications.gc.ca/collections/Collection/H46-2-98-211F-17.pdf</marc:subfield>
    </marc:datafield>
    <marc:datafield tag="856" ind1="4" ind2="0">
      <marc:subfield code="a">http://publications.gc.ca</marc:subfield>
      <marc:subfield code="q">PDF</marc:subfield>
      <marc:subfield code="s">75 Ko</marc:subfield>
      <marc:subfield code="u">https://publications.gc.ca/collections/Collection/H46-2-98-211F-16.pdf</marc:subfield>
    </marc:datafield>
    <marc:datafield tag="856" ind1="4" ind2="0">
      <marc:subfield code="a">http://publications.gc.ca</marc:subfield>
      <marc:subfield code="q">PDF</marc:subfield>
      <marc:subfield code="s">90 Ko</marc:subfield>
      <marc:subfield code="u">https://publications.gc.ca/collections/Collection/H46-2-98-211F-15.pdf</marc:subfield>
    </marc:datafield>
  </marc:record>
</marc:collection>
